header

The new woman in print and pictures (Record no. 32275)

MARC details
000 -LEADER
fixed length control field 01808nam a2200349 a 4500
082 04 - DEWEY DECIMAL CLASSIFICATION NUMBER
Classification number 016.30540973
100 1# - MAIN ENTRY--AUTHOR NAME
Personal name Woods, Marianne Berger,
245 14 - TITLE STATEMENT
Title The new woman in print and pictures
260 ## - PUBLICATION, DISTRIBUTION, ETC. (IMPRINT)
Place of publication Jefferson, N.C. :
Name of publisher McFarland & Co.,
Year of publication c2009.
300 ## - PHYSICAL DESCRIPTION
Number of Pages vii, 192 p. :
Other physical details ill.
500 ## - GENERAL NOTE
General note Includes index.
505 0# - FORMATTED CONTENTS NOTE
Formatted contents note Primary works, 1894-1938 -- Secondary works, 1962-2008.
520 ## - SUMMARY, ETC.
Summary, etc "This annotated bibliography includes all period novels with a New Woman protagonist and all period articles with the New Woman as primary subject, along with several poems, cartoons, advertisements, and artworks. Because the New Woman was also the target of many derisive articles, poems, and visual works, these critical response pieces are included as well"--Provided by publisher.
650 #0 - SUBJECT ADDED ENTRY--TOPICAL TERM
Topical Term Women
Topical Term Feminism
Topical Term Women's rights
856 40 - ELECTRONIC LOCATION AND ACCESS
Uniform Resource Identifier http://site.ebrary.com/lib/rucke/Doc?id=10346627

No items available.

© 2026 Rongo University
Contact us: librarian | system librarian | Rongo university